Ley sobre reforma agraria /

Guardat en:
Dades bibliogràfiques
Autor principal: Mora Valverde, Eduardo
Altres autors: Ferreto Segura, Arnoldo
Format: Text
Matèries:
Etiquetes: Afegir etiqueta
Sense etiquetes, Sigues el primer a etiquetar aquest registre!

MARC

LEADER 00000 a a2200000 04500
001 9068
003
040
100 |a Mora Valverde, Eduardo  
245 |a Ley sobre reforma agraria /  |c Eduardo Mora Valverde ; Arnoldo Ferreto Segura 
650 |a LEGISLACION  
650 |a REFORMA AGRARIA  
700 |a Ferreto Segura, Arnoldo  
773 |g volumen 96, número 207; páginas 5544-5547  
999 |c 33350  |d 33350